00690nam a2200217Ia 450000500170000000800410001702000180005804100120007608200170008810000210010524501340012625000120026026000360027230000220030865000230033065000220035365000230037565000230039870000260042170000250044720260429112011.0260429s9999||||xx |||||||||||||| ||und|| a9781032364698 aEnglish a378.198bLIM aLim, May Sok Mui 0aCoaching students in higher education : ba solution-focused approach to retention, performance and wellbeing / cMay Sok Mui Lim a1st ed. aNew Delhi : bRoutledge,c2025. axvii, 217 p.; pbk a Academic coaching a Higher education a Student retention aStudent counseling a Patel, Nadya Shaznay a Shahdadpuri, Ramesh